Mäsiarska ulica 6 - Kláštor dominikánov I. Potulky starými Košicami

Bibliographic Details
Main Author: Duchoň, Jozef (Author)
Corporate Author: Kláštor dominikánov (Košice, Slovensko) (Author)
Format: Article
Language:Slovak
PhysicalDescription:1 foto
Subjects:

MARC

LEADER 00000nab a2200000 a 4500
001 vtls000895986
003 SK-MaSNL
005 20260303190240.0
008 040720e19960719xo 0 slo
035 |a KE5013 
040 |a KEVKJB  |b slo  |c KEVKJB  |e AACR2 
041 0 |a slo 
044 |a xo  |c SK 
080 |a 908.437.671  |2 1981 
080 |a 726.7  |2 1981 
080 |a 271  |2 1981 
100 1 |a Duchoň, Jozef  |4 aut  |9 317656 
245 1 0 |a Mäsiarska ulica 6 - Kláštor dominikánov I.  |b Potulky starými Košicami 
300 |b 1 foto 
610 2 7 |a Kláštor dominikánov (Košice, Slovensko)  |2 KEVKJB  |9 158327 
650 0 7 |a vlastiveda  |2 KEVKJB  |9 3887 
650 0 7 |a ulice mesta  |2 KEVKJB  |9 879228 
650 0 7 |a kláštory rímskokatolícke  |2 KEVKJB  |9 1218374 
650 0 7 |a dejiny  |2 KEVKJB  |9 3825 
650 0 7 |a popis  |2 KEVKJB  |9 556565 
651 7 |a Mäsiarska ulica č. 6  |2 KEVKJB  |9 1218375 
651 7 |a Košice (Slovensko)  |2 KEVKJB  |9 18694 
651 7 |a KE,  |2 KEVKJB  |9 877256 
651 7 |a KE,  |2 KEVKJB  |9 877256 
655 7 |a periodikum  |2 snkbucl  |9 29553 
710 2 |a Kláštor dominikánov (Košice, Slovensko)  |4 aut  |9 158327 
773 0 8 |t Košický večer  |g Roč. 7  |g Roč. 28, č.140, 19.7.1996, s. 5 
852 |a ZVYKNI  |b KIS3GCP 
999 |c 2135313  |d 2137243